<?xml version="1.0" encoding="UTF-8"?>
<record
    xmlns:xsi="http://www.w3.org/2001/XMLSchema-instance"
    xsi:schemaLocation="http://www.loc.gov/MARC21/slim http://www.loc.gov/standards/marcxml/schema/MARC21slim.xsd"
    xmlns="http://www.loc.gov/MARC21/slim">

  <leader>00955nam a22002057a 4500</leader>
  <controlfield tag="003">OSt</controlfield>
  <controlfield tag="005">20180813082219.0</controlfield>
  <controlfield tag="008">180305b        xxu||||| |||| 00| 0 spa d</controlfield>
  <datafield tag="020" ind1=" " ind2=" ">
    <subfield code="a">9509606111</subfield>
  </datafield>
  <datafield tag="040" ind1=" " ind2=" ">
    <subfield code="c">PJ</subfield>
  </datafield>
  <datafield tag="100" ind1=" " ind2=" ">
    <subfield code="9">1621</subfield>
    <subfield code="a">Nissen, Ricardo Augusto</subfield>
  </datafield>
  <datafield tag="245" ind1="1" ind2="3">
    <subfield code="a">La capitalizaci&#xF3;n de utilidades en las sociedades an&#xF3;nimas :</subfield>
    <subfield code="b">el pago de dividendos en acciones /</subfield>
    <subfield code="c">Ricardo Augusto Nissen.</subfield>
  </datafield>
  <datafield tag="260" ind1=" " ind2=" ">
    <subfield code="a">Buenos Aires :</subfield>
    <subfield code="b">Ad-Hoc, </subfield>
    <subfield code="c">1990.</subfield>
  </datafield>
  <datafield tag="300" ind1=" " ind2=" ">
    <subfield code="a">156 p.</subfield>
    <subfield code="c">23 cm.</subfield>
  </datafield>
  <datafield tag="505" ind1=" " ind2=" ">
    <subfield code="a">Contenido:
El derecho del socio a la percepci&#xF3;n de las utilidades -- La capitalizaci&#xF3;n de utilidades o pago de dividendos en acciones -- La protecci&#xF3;n del accionista frente a la capitalizaci&#xF3;n de utilidades -- Car&#xE1;cter propio o ganancial de los dividendos en acciones --Ap&#xE9;ndice jurisprudencial.</subfield>
  </datafield>
  <datafield tag="650" ind1=" " ind2="0">
    <subfield code="9">1602</subfield>
    <subfield code="a">DERECHO COMERCIAL</subfield>
  </datafield>
  <datafield tag="650" ind1=" " ind2="0">
    <subfield code="9">1625</subfield>
    <subfield code="a">SOCIEDAD ANONIMA</subfield>
  </datafield>
  <datafield tag="650" ind1=" " ind2="0">
    <subfield code="9">1651</subfield>
    <subfield code="a">ACCIONES SOCIETARIAS</subfield>
  </datafield>
  <datafield tag="942" ind1=" " ind2=" ">
    <subfield code="2">udc</subfield>
    <subfield code="c">LIB</subfield>
    <subfield code="h">347.725</subfield>
    <subfield code="i">NIS</subfield>
  </datafield>
  <datafield tag="999" ind1=" " ind2=" ">
    <subfield code="c">1119</subfield>
    <subfield code="d">1119</subfield>
  </datafield>
  <datafield tag="952" ind1=" " ind2=" ">
    <subfield code="0">0</subfield>
    <subfield code="1">0</subfield>
    <subfield code="2">udc</subfield>
    <subfield code="4">0</subfield>
    <subfield code="7">0</subfield>
    <subfield code="a">DJS</subfield>
    <subfield code="b">DJS</subfield>
    <subfield code="d">2018-08-13</subfield>
    <subfield code="o">347.725 NIS</subfield>
    <subfield code="p">1394</subfield>
    <subfield code="r">2018-08-13</subfield>
    <subfield code="w">2018-08-13</subfield>
    <subfield code="y">LIB</subfield>
  </datafield>
  <datafield tag="952" ind1=" " ind2=" ">
    <subfield code="0">0</subfield>
    <subfield code="1">0</subfield>
    <subfield code="2">udc</subfield>
    <subfield code="4">0</subfield>
    <subfield code="7">0</subfield>
    <subfield code="a">DJN</subfield>
    <subfield code="b">DJN</subfield>
    <subfield code="d">2018-08-13</subfield>
    <subfield code="o">347.725 NIS</subfield>
    <subfield code="p">RG 4056</subfield>
    <subfield code="r">2024-12-02</subfield>
    <subfield code="w">2018-08-13</subfield>
    <subfield code="y">LIB</subfield>
  </datafield>
</record>
